|
|
|
|
| LEADER |
01495nam a2200349 a 4500 |
| 001 |
c000009314 |
| 003 |
CARM |
| 005 |
00000000000000.0 |
| 008 |
830224s1983 ctu b 00110 eng |
| 010 |
|
|
|a 83002079 //r953
|
| 019 |
1 |
|
|a 2509903
|5 LACONCORD2021
|
| 020 |
|
|
|a 0914492063 (pbk.) :
|c $9.95
|
| 035 |
|
|
|a (OCoLC)9323466
|5 LACONCORD2021
|
| 050 |
|
0 |
|a Z1037.1
|b .Q55 1983
|a PN1009.A1
|
| 082 |
0 |
0 |
|a 011/.62
|2 19
|
| 100 |
1 |
|
|a Quimby, Harriet B.
|
| 245 |
0 |
0 |
|a Building a children's literature collection :
|b a suggested basic reference collection for academic libraries and a suggested basic collection of children's books /
|c by Harriet B. Quimby & Margaret Mary Kimmel.
|
| 250 |
|
|
|a 3rd ed.
|
| 260 |
|
|
|a Middletown, Conn. :
|b CHOICE,
|c 1983.
|
| 300 |
|
|
|a iv, 48 p. ;
|c 28 cm.
|
| 440 |
|
0 |
|a CHOICE bibliographical essay series ;
|v no. 7
|
| 500 |
|
|
|a Rev. ed. of: Building a children's literature collection. Rev. ed. 1978.
|
| 500 |
|
|
|a Includes indexes.
|
| 650 |
|
0 |
|a Reference books
|x Children's literature
|x Bibliography.
|
| 650 |
|
0 |
|a Children's literature
|x Bibliography.
|
| 650 |
|
0 |
|a Academic libraries
|x Book lists.
|
| 650 |
|
0 |
|a Best books.
|
| 700 |
1 |
|
|a Kimmel, Margaret Mary.
|
| 730 |
|
1 |
|a Building a children's literature collection.
|
| 852 |
8 |
|
|b CARM
|h A3:AB09D5
|i D00681
|p 0041913
|f BK
|
| 999 |
f |
f |
|i d18d3035-02f2-5293-89d5-f26f9683328a
|s 58d1f4fc-f7dc-510e-848b-2f390da0bbe0
|
| 952 |
f |
f |
|p Can circulate
|a CAVAL
|b CAVAL
|c CAVAL
|d CARM 1 Store
|e D00681
|f A3:AB09D5
|h Other scheme
|i book
|m 0041913
|